000 00344nam a2200097Ia 4500
008 180205s9999 xx 000 0 und d
100 _aCayanan, Arthur S.
245 _aTeahing guide for senior high school business finance :
_bspecialized subject/ academic-stem
260 _aQuezon City
_bCommision on higher education
_c2016
300 _a325 pages
999 _c354950
_d354950